| 000 | 00745nam a2200157 a 4500 | ||
|---|---|---|---|
| 008 | 121019s1996 ||||||||||||||||| || u | ||
| 050 | _aPAPERS/STAFF | ||
| 100 | _aSiziya, Seter | ||
| 245 | 1 | 0 |
_aImportance of schistosomiasis in the Isoka district of Zambia: a prerequisite for its control using community participation _cby Seter Siziya and Martin Mushanga |
| 260 |
_aLusaka: _bUniversity of Zambia, School of Medicine _c1996 |
||
| 300 | _ap. 431 - p. 435: ill. | ||
| 500 | _aBibliography | ||
| 650 | _aSCHISTOSOMIASIS--ISOKA, ZAMBIA | ||
| 650 | _aSCHISTOSOMIASIS--CONTROL OF--ISOKA, ZAMBIA | ||
| 995 |
_aSPECIAL COLLECTIONS _e303 _FCBU-SCHOOL OF MEDICINE LIBRARY (Ndola) _jPAPERS/STAFF/SIZIYA _M1 _UAVAILABLE _WDec 3, 2012 _yB303 _ZZambiana Collection |
||
| 999 |
_c31777 _d31777 |
||